Pozitívne prínosy elektronickej komunikácie v podnikateľskom prostredí

Možnosti využívania elektronickej komunikácie v jednotlivých inštitúciách, ktoré komunikujú s podnikateľským subjektom. Spôsoby elektronickej komunikácie podnikateľských subjektov externými organizáciami v rámci podmienok živnostenského podnikania. Efektívnosť elektronickej komunikácie.

Saved in:
Bibliographic Details
Main Author: Teplická, Katarína
Format: Book Chapter
Language:Slovak
Subjects:
Tags: Add Tag
No Tags, Be the first to tag this record!

MARC

LEADER 00000naa a2200000 4500
001 0200359
005 20230912114144.1
041 0 |a slo 
044 |a SK 
245 1 0 |a Pozitívne prínosy elektronickej komunikácie v podnikateľskom prostredí  |c Katarína Teplická 
520 |a Možnosti využívania elektronickej komunikácie v jednotlivých inštitúciách, ktoré komunikujú s podnikateľským subjektom. Spôsoby elektronickej komunikácie podnikateľských subjektov externými organizáciami v rámci podmienok živnostenského podnikania. Efektívnosť elektronickej komunikácie. 
610 2 0 |a komunikácia elektronická 
610 2 0 |a prostredie podnikateľské 
610 2 0 |a elektronizácia 
610 2 0 |a digitalizácia 
610 2 0 |a efektívnosť 
610 2 0 |a dokumenty elektronické 
100 1 |a Teplická, Katarína